Report of the forest insect survey : forest insect investigations.

Bibliographic Details
New Title:Canada. Dept. of Agriculture. Division of Forest Biology. Report of the forest insect survey
Corporate Author: Canada. Division of Entomology
Format: Serial
Language:English
Published: Ottawa. [publisher not identified] ;
Subjects:

MARC

Tag First Indicator Second Indicator Subfields
LEADER 00000cas a2200000 4500
001 in00000035640
005 20151007062057.0
008 751101d19361949oncar f0uuua0eng
010 |a  45040279  
035 |a (OCoLC)01780572 
035 |9 AAD3891AM 
040 |a DLC  |c MUL  |d TXA  |d UtOrBLW 
049 |a TXAE  |y 1939-49 [262111] 
050 0 |a SB826  |b .A35 
082 0 |a 634.967 
092 |a 634.967  |b C21e 
110 1 |a Canada.  |b Division of Entomology. 
245 1 0 |a Report of the forest insect survey :  |b forest insect investigations. 
264 1 |a Ottawa.  |b [publisher not identified] ; 
300 |a 14 volumes in :  |b maps. ;  |c 25 cm. 
336 |a text  |b txt  |2 rdacontent 
337 |a unmediated  |b n  |2 rdamedia 
338 |a volume  |b nc  |2 rdacarrier 
362 0 |a 1936-49. 
580 |a Superseded by Canada. Dept. of Agriculture. Division of Forest Biology. Report of the forest insect survey (later Report of the forest insect and disease survey) 
650 0 |a Forest insects  |z Canada. 
785 1 2 |a Canada. Dept. of Agriculture. Division of Forest Biology.  |t Report of the forest insect survey 
999 |a MARS 
999 f f |s 1fa53f10-52fd-39fb-8be6-e9e0d1a52dfa  |i 89dc940f-d226-3e50-9496-db5e1144b7c9  |t 0 
952 f f |p serial  |a Texas A&M University  |b College Station  |c Sterling C. Evans Library  |d Evans: Library Stacks  |t 0  |e 634.967 C21e  |h Dewey Decimal classification  |i unmediated -- volume  |m A14806629118 
998 f f |a 634.967 C21e  |s <1939-1949>  |t 0  |l Evans: Library Stacks